LIBRARY ONLINE CATALOGUE

Marketing Africa. (Record no. 14805)

MARC details
000 -LEADER
fixed length control field 00491nas a22001811 4500
001 - CONTROL NUMBER
control field 0000019334
005 - DATE AND TIME OF LATEST TRANSACTION
control field 20151217160930.0
008 - FIXED-LENGTH DATA ELEMENTS--GENERAL INFORMATION
fixed length control field 101028c xxur p 0 0eng d
040 ## - CATALOGING SOURCE
Original cataloging agency KABU
Transcribing agency KABU
245 00 - TITLE STATEMENT
Title Marketing Africa.
260 ## - PUBLICATION, DISTRIBUTION, ETC. (IMPRINT)
Place of publication, distribution, etc. Nairobi :
Name of publisher, distributor, etc. Marketing Africa Ltd.
300 ## - PHYSICAL DESCRIPTION
Extent v :
Other physical details ill.
310 ## - CURRENT PUBLICATION FREQUENCY
Current publication frequency Bimonthly,
650 #0 - SUBJECT ADDED ENTRY--TOPICAL TERM
Topical term or geographic name as entry element Marketing
Form subdivision Periodicals
Geographic subdivision Africa.
-- 0000179055
908 ## - PUT COMMAND PARAMETER (RLIN)
Put command parameter 101028
950 ## - LOCAL HOLDINGS (RLIN)
-- 1
Holdings
Withdrawn status Lost status Source of classification or shelving scheme Not for loan Home library Current library Date acquired Total Checkouts Full call number Barcode Date last seen Price effective from Koha item type
    Library of Congress Classification Not For Loan Kabarak, Main Campus Kabarak, Main Campus 17/12/2015   HF5410 .M37 2007/8 c. 1 23627 17/12/2015 17/12/2015 Periodicals